Power Programming with RPC /

Guardado en:
Bibliografiske detaljer
Hovedforfatter: Bloomer, John (autor)
Format: Bog
Sprog:engelsk
Udgivet: Sebastopol, EUA : O'Reilly, 1992, c1992
Serier:(A Nutshell Handbook)
Fag:
Tags: Tilføj Tag
Ingen Tags, Vær først til at tagge denne postø!

MARC

LEADER 00000nam^a2200000^a^4500
001 000181279
005 20250521000000.0
009 20260310101926.05
020 |a 0-937175-77-3 
037 |a Acervo ITESO - Biblioteca 
041 |a ING 
082 |a 005. 276  |b BLO 
100 |a Bloomer, John  |e (autor) 
245 1 0 |a Power Programming with RPC /  |c J. Bloomer. 
246 2 |a Título en la cubierta: UNIX Network Programming. Power Programming with RPC 
264 4 |a Sebastopol, EUA :  |b O'Reilly,  |c 1992, c1992 
300 |a XXXV, 486 p. 
336 |a texto  |b txt  |2 rdacontenido 
337 |a sin mediación  |b n  |2 rdamedio 
338 |a volumen  |b nc  |2 rdasoporte 
440 2 |a (A Nutshell Handbook) 
649 |a XX 
650 |a Proceso Electrónico de Datos 
650 |a Programación Visual (Software) 
650 |a Cómputo Distribuido 
650 |a Redes de Computadoras 
650 |a Programación (Software) 
650 |a Ingeniería Computacional 
910 |a Fondo General 
920 |a Impresos - Libros 
930 |a Colección General 
905 |a 101 
901 |a 0500120759  |b IT1  |c ACC  |u 20250521 
902 |a https://opac.biblio.iteso.mx/vufind/Record/000181279